000 00972cac a22002531u 4500
090 _c8751
008 081108t1983 xxu||||| |||| 00| 0 eng d
010 _a 82021045
020 _a0898592437
020 _a0898598591
082 0 0 _a004.019
_bCAR
100 _aCard, Stuart K.
245 1 4 _aThe psychology of human-computer interaction /
_cStuart K. Card, Thomas P. Moran, Allen Newell.
260 _aHillsdale, N.J. :
_bL. Erlbaum Associates,
_cc1983.
300 _axiii, 469 p. :
_bill. ;
_c24 cm.
500 _a Distributer: Bacca
504 _aIncludes bibliographical references and index.
511 _aCatalogued by: Sara
650 0 _aHuman-computer interaction
_xPsychological aspects.
700 1 _aMoran, Thomas P.
700 1 _aNewell, Allen.
942 _cBB
_k004.019CAR
_2ddc
999 _c8751
_d8751